Nenne die zehn größten Städte Spaniens - Statistiken

Allgemein
  • Dieses Quiz wurde 1.068 mal gespielt
  • Das Durchschnittsergebnis liegt bei 7 aus 10
Antwortstatistiken
Einwohner Stadt % Korrekt
1,66 Millionen Barcelona
100%
3,33 Millionen Madrid
100%
0,8 Millionen Valencia
91%
0,69 Millionen Sevilla
89%
0,35 Millionen Bilbao
77%
0,58 Millionen Malaga
67%
0,68 Millionen Saragossa
46%
0,46 Millionen Murcia
36%
0,42 Millionen Palma de Mallorca
28%
0,38 Millionen Las Palmas
24%
Keine übereinstimmenden Quizze gefunden
Verteilung der Resultate
Anzahl Personen mit jedem Resultat
Perzentil nach korrekt beantworteten Fragen
Ihre Resultats-Entwicklung
Sie haben dieses Quiz noch nicht gespielt